Missing Word: Cartoon Characters Quiz Stats

 Plays Quiz not verified by Sporcle

Also try: Same Date Holidays
Challenge
Share
Tweet
Embed
Score 0/16 Timer 05:00
0 Plays Today
Character/Debut Missing Word % Correct
_____ Boop/1930Betty
94.2%
_____ Bunny/1940Bugs
90%
Scooby _____/1969Doo
89.5%
Felix the _____/1936 voicedCat
85.8%
Mighty _____/1942Mouse
82.1%
Bart _____/1989Simpson
82.1%
_____ Gonzalez/1953Speedy
81.1%
Kim_____/2002Possible
74.7%
Character/Debut Missing Word % Correct
_____ Albert/1972Fat
74.2%
_____ Duckula/1988Count
74.2%
Huckleberry _____/1957Hound
72.1%
_____ Cartman/1997Eric
70.5%
Hank _____/1997Hill
56.3%
_____ Cat/1961Top
51.6%
_____ Jack/2001Samurai
42.6%
Captain _____/1977Caveman
36.8%

You're not logged in!

Compare scores with friends on all Sporcle quizzes.
OR
Log In

You Might Also Like...

Show Comments

Extras

Top Quizzes Today


Score Distribution

Your Account Isn't Verified!

In order to create a playlist on Sporcle, you need to verify the email address you used during registration. Go to your Sporcle Settings to finish the process.

Report this User

Report this user for behavior that violates our Community Guidelines.

Details: